00545cam a22002171 4500001001300000003000400013005001700017008004100034010001700075035002000092040001800112042001200130050002200142100002600164245002500190260001100215300001900226500001400245500005100259999001700310sa 68010906 DLC20260227112556.0900122r1964uuuuii 000 0 tamo  asa 68010906  a(OCoLC)20941333 aDLCcWaUdDLC apremarc00aPL4758.9.A33bN430 aAkilan̲,d1922-1988.10aNen̄cin̲alaikaḷ. c[1964] a280 p.c19 cm. aIn Tamil. aPreviously published serially in Kalaimakaḷ. c83622d83622